Music Quiz

Random Music or Kpop Quiz

Name The Male Kpop Idol (FanArt Ver.) Quiz Stats

Quiz not verified by Sporcle

Challenge
Share
Tweet
Score 0/25 Timer 15:00
0 Plays Today
% Correct
Leo (VIXX)
81.9%
Suga (BTS)
81%
Kai (EXO)
79.6%
T.O.P (BigBang)
72%
Ren (NU'EST)
68.4%
Woozi (SevenTeen)
67.6%
Yugyeom (Got7)
67.1%
Taeil (Block B)
65.5%
Yongguk (BAP)
64.8%
CNU (B1A4)
62.4%
Jinhwan (Ikon)
61.3%
Onew (SHINee)
58.9%
Jooheon (Monsta X)
55.6%
% Correct
Kwangmin (Boyfriend)
51.7%
Kevin (U-Kiss)
49.9%
Yonghwa (CNBlue)
39.3%
Wooyoung (2PM)
30.8%
Sungjae (BtoB)
25%
Sunggyu (Infinite)
23.3%
Donghae (Super Junior)
19.3%
Taehyun (Winner)
18.6%
Changmin (TVXQ)
13.7%
Mir (MBLAQ)
12.3%
Yoseob (Beast)
7.4%
Jaejoong (JYJ)
7.3%

You're not logged in!

Compare scores with friends on all Sporcle quizzes.
Join for Free
OR
Log In

You Might Also Like...

Show Comments

Extras

Top Quizzes Today


Score Distribution

Your Account Isn't Verified!

In order to create a playlist on Sporcle, you need to verify the email address you used during registration. Go to your Sporcle Settings to finish the process.

Report this User

Report this user for behavior that violates our Community Guidelines.

Details: